Tous les personnages de Super Smash Bros Brawl - Statistiques

Statistiques générales
  • Ce quiz a été pris 34 fois
  • Le résultat moyen est 30 sur 35
Statistiques - réponses
Numéro Réponse % Correct
27 Bowser
100%
2 Donkey Kong
100%
5 Kirby
100%
3 Link
100%
1 Mario
100%
19 Peach
100%
12 Zelda / Sheik
100%
6 Fox
96%
23 Roi Dadidou
96%
4 Samus
96%
11 Diddy Kong
92%
16 Dresseur de Pokémon / Dracaufeu / Herbizare / Carapuce
92%
15 Falco
92%
10 Luigi
92%
14 Meta Knight
92%
34 Lucas
88%
7 Pikachu
88%
17 Ike
85%
24 Lucario
85%
8 Marth
85%
25 Ness
85%
13 Pit
85%
21 Ganondorf
81%
18 Snake
81%
26 Sonic
81%
35 Wolf
77%
29 Link Cartoon
73%
30 ROB
73%
28 Wario
73%
20 Yoshi
73%
33 Rondoudou
69%
32 Captain Falcon
65%
9 Mr Game & Watch
62%
31 Olimar
62%
22 Ice Climbers
54%
Aucun quiz correspondant
Distribution des résultats
% des personnes avec chaque résultat
Percentile par nombre de réponses
Votre historique - résultats
Vous n’avez pas pris ce quiz